| 000 | 00665nam a2200205 a 4500 | ||
|---|---|---|---|
| 001 | 000721378 | ||
| 003 | AM-YEHGA | ||
| 005 | 20251223114415.0 | ||
| 008 | 100316s1907 ru c||||||||||||||0|rus|d | ||
| 040 |
_aAM-YEHGA _cAM-YEHGA |
||
| 041 | 0 | _arus | |
| 100 | 1 |
_aԻսահակյան, Ավետիք Սահակի, _d1875-1957 _9963 |
|
| 245 | 1 | 0 |
_aПесни / _c[Аветик Исаакян]. |
| 260 |
_aМосква : _bтип. "Соколь", _c1907. |
||
| 300 | _aX, [2], 24 с. | ||
| 440 | 0 |
_aЦветы Араза ; _vВып. 1 |
|
| 500 | _aИздание Бориса Кеворкова | ||
| 650 | 1 | 4 | _aАрмянская литература |
| 942 |
_2udc _cBK |
||
| 999 |
_c266598 _d266598 |
||